80's #1 Song Titles - Statistics

General Stats
  • This quiz has been taken 104 times
  • The average score is 5 of 10
Answer Stats
word Song Title % Correct
9 9 to 5
100%
against Against All Odds
100%
kill A View to a Kill
100%
bette Bette Davis Eyes
100%
billie Billie Jean
100%
whisper Careless Whisper
100%
careless Careless Whisper
100%
eileen Come on Eileen
100%
diana Dirty Diana
100%
ivory Ebony And Ivory
100%
ebony Ebony And Ivory
100%
tiger Eye of the Tiger
100%
toe Head to Toe
100%
invisible Invisible Touch
100%
chameleon Karma Chameleon
100%
karma Karma Chameleon
100%
bamba La Bamba
100%
money Money for Nothing
100%
perrogative My Perrogative
100%
tonight Need You Tonight
100%
private Private Eyes
100%
right Right Here Waiting
100%
amadeus Rock Me Amadeus
100%
tide The Tide Is High
100%
after Time After Time
100%
total Total Eclipse of the Heart
100%
eclipse Total Eclipse of the Heart
100%
colors True Colors
100%
built We Built This City
100%
without With or Without You
100%
jean Billie Jean
83%
dust Another One Bites the Dust
75%
power The Power of Love
75%
wine Red Red Wine
71%
addicted Addicted to Love
67%
medicine Bad Medicine
67%
stream Islands in the Stream
67%
listen Listen to Your Heart
67%
never Never Gonna Give You Up
67%
toy Toy Soldiers
67%
upside Upside Down
67%
egyptian Walk Like an Egyptian
67%
doves When Doves Cry
67%
wishing Wishing Well
60%
anything Anything for You
50%
caribbean Caribbean Queen
50%
dirty Dirty Diana
50%
glory Glory of Love
50%
greatest Greatest Love of All
50%
earth Heaven Is a Place on Earth
50%
higher Higher Love
50%
how How Will I Know
50%
islands Islands in the Stream
50%
diane Jack And Diane
50%
virgin Like a Virgin
50%
mirror Man in the Mirror
50%
missing Missing You
50%
mony Mony Mony
50%
sheila Oh Sheila
50%
red Red Red Wine
50%
straight Straight Up
50%
world We Are the World
50%
city We Built This City
50%
separate Separate Lives
40%
odds Against All Odds
33%
endless Endless Love
33%
lean Lean on Me
33%
saving Saving All My Love for You
33%
drives She Drives Me Crazy
33%
belong Up Where We Belong
33%
queen Caribbean Queen
25%
need Need You Tonight
25%
jack Jack And Diane
20%
day Another Day in Paradise
0%
paradise Another Day in Paradise
0%
moment At This Moment
0%
view A View to a Kill
0%
davis Bette Davis Eyes
0%
blame Blame It on the Rain
0%
hearted Cold Hearted
0%
cold Cold Hearted
0%
little Crazy Little Thing Called Love
0%
under Down Under
0%
eternal Eternal Flame
0%
everything Everything She Wants
0%
wants Everything She Wants
0%
everytime Everytime You Go Away
0%
figure Father Figure
0%
father Father Figure
0%
foolish Foolish Beat
0%
good Good Thing
0%
mind Got My Mind Set on You
0%
groovy Groovy Kind of Love
0%
kind Groovy Kind of Love
0%
head Head to Toe
0%
place Heaven Is a Place on Earth
0%
nights Hold on to the Nights
0%
hold Hold on to the Nights
0%
rainy I Love a Rainy Night
0%
miami Miami Vice Theme
0%
much Miss You Much
0%
fall Next Time I Fall
0%
next Next Time I Fall
0%
try One More Try
0%
open Open Your Heart
0%
lonely Owner of a Lonely Heart
0%
owner Owner of a Lonely Heart
0%
seasons Seasons Change
0%
change Seasons Change
0%
lives Separate Lives
0%
emotional So Emotional
0%
stuck Stuck With You
0%
living The Living Years
0%
years The Living Years
0%
together Together Forever
0%
soldiers Toy Soldiers
0%
true True Colors
0%
walk Walk Like an Egyptian
0%
girls West End Girls
0%
smile When I See You Smile
0%
wild Wild Wild West
0%
wind Wind Beneath My Wings
0%
beneath Wind Beneath My Wings
0%
well Wishing Well
0%
woman Woman in Love
0%
name You Give Love a Bad Name
0%
No matching quizzes found
Score Distribution
Percent of People with Each Score
Percentile by Number Answered
Your Score History
You have not taken this quiz